000 00525nam a22001937a 4500
003 KOHA_MİRAKIL
005 20251006100949.0
008 251006b tu ||||| |||| 00| 0 tur d
020 _a9786258431827
040 _aTR-AnABB
_btur
_cTR-AnABB
041 _atur
082 _a956.1
_bORT 2023
100 1 _aOrtaylı, İlber,
245 1 0 _aTürklerin tarihi /
_cİlber Ortaylı
260 _aİstanbul :
_bKronik Kitap,
_c2023
300 _a265 sayfa ;
_c21 cm
650 0 0 _aTarih, Türk tarihi
942 _2ddc
_cBK
999 _c9095
_d9095
900 _bGizem YORULMAZ